=LDR 00000nam 2200000 4500 =001 INLIS000000000028700 =005 20200429085249 =035 ##$$a 0010-061300000028700 =008 200429################g##########0#ind## =041 ##$$a ind =082 ##$$a 2x3.55 =090 ##$$a 2x3.55, ALB h =100 ##$$a AlBatuly, Ahmad bin Abdullah =245 1#$$a Harapan-harapan yang diperbolehkan dan yang terlarang /$c Ahmad bin Abdullah Al-Batuly; Penerjemah, M. Ashim =260 ##$$a Jakarta :$b Daruh sunnah,$c 2005 =300 ##$$a xi, 183 hlm ; $c 14,5 x 21 cm =650 #4$$a Akhlak Islam =850 ##$$a NBPNMAT =084 ##$$a 2x3.55 ALB h =250 ##$$a Cet. 1 =990 ##$$a 20704843